Statistics for The States Of Australia - Fast Typing

Click here to take the quiz!

General Stats

  • This quiz has been taken 18 times
  • The average score is 3 of 8

Answer Stats

Answer% Correct
Western Australia
75%
Victoria
58%
Queensland
50%
New South Wales
42%
South Australia
33%
Tasmania
33%
Northern Territory
17%
Australian Capital Territory
8%

Score Distribution

Percentile by Number Answered

Percent of People with Each Score

Your Score History

You have not taken this quiz